JFK wants to know : memos from the President's office, 1961-1963 /

Bibliographic Details
Main Author: Kennedy, John F. (John Fitzgerald), 1917-1963
Other Authors: Claflin, Edward
Format: Book
Language:English
Published: New York : Morrow, [1991]
Edition:1st ed.
Subjects:

MARC

Tag First Indicator Second Indicator Subfields
LEADER 00000cam a2200000 a 4500
001 in00000991813
005 20150927180424.0
008 900822s1991 nyu 00110 eng
010 |a  90047224  
020 |a 0688088465 
035 |a (OCoLC)22388703 
035 |9 AEY9759AM 
040 |a DLC  |c DLC  |d TXA  |d UtOrBLW 
043 |a n-us--- 
049 |a TXAM 
050 0 0 |a E838.5  |b .K42 1991 
082 0 0 |a 973.922  |2 20 
100 1 |a Kennedy, John F.  |q (John Fitzgerald),  |d 1917-1963. 
245 1 0 |a JFK wants to know :  |b memos from the President's office, 1961-1963 /  |c selected and edited by Edward B. Claflin ; preface by Pierre Salinger. 
250 |a 1st ed. 
264 1 |a New York :  |b Morrow,  |c [1991] 
264 4 |c ©1991 
300 |a 309 pages ;  |c 24 cm. 
336 |a text  |b txt  |2 rdacontent 
337 |a unmediated  |b n  |2 rdamedia 
338 |a volume  |b nc  |2 rdacarrier 
500 |a Includes index. 
651 0 |a United States  |x Politics and government  |y 1961-1963  |x Sources. 
600 1 0 |a Kennedy, John F.  |q (John Fitzgerald),  |d 1917-1963  |x Archives. 
700 1 |a Claflin, Edward. 
740 0 |a J.F.K. wants to know. 
999 |a MARS 
999 f f |s 43f0e8ba-7bdd-3ee7-b29f-8642b2ca0f8e  |i a40ae67e-51ce-399a-884f-a142baa57ad1  |t 0 
952 f f |p ric  |a Texas A&M University  |b Rellis Campus  |c Joint Library Facility  |d Remote Storage  |t 0  |e E838.5 .K42 1991  |h Library of Congress classification  |i unmediated -- volume  |m A14814073062 
998 f f |a E838.5 .K42 1991  |t 0  |l Remote Storage